[Event "BCF-chT3 0708 (4NCL)"]
[Site "Sunningdale"]
[Date "2007.11.11"]
[Round "4.2"]
[White "Munson, Shaun D"]
[Black "Clark, Ian C"]
[Result "1/2-1/2"]
[WhiteElo "2204"]
[BlackElo "2104"]
[PlyCount "100"]
[EventDate "2007.09.15"]
[EventType "team-tourn"]
[EventRounds "11"]
[EventCountry "ENG"]
[SourceTitle "EXT 2023"]
[Source "ChessBase"]
[SourceDate "2022.10.05"]
[SourceVersion "1"]
[SourceVersionDate "2022.10.05"]
[SourceQuality "1"]
[WhiteTeam "Anglian Avengers"]
[BlackTeam "Wessex II"]
[WhiteTeamCountry "ENG"]
[BlackTeamCountry "ENG"]

1. d4 d5 2. Bg5 Nf6 3. Nc3 Bf5 4. f3 c6 5. Qd2 Nbd7 6. 0-0-0 h6 7. Bh4 g5 8. Bf2 Qa5 9. e4 dxe4 10. fxe4 Bg4 11. Nf3 e6 12. h3 Bxf3 13. gxf3 Bb4 14. a3 Bxc3 15. Qxc3 Qxc3 16. bxc3 0-0-0 17. c4 b6 18. c3 Nh5 19. Kc2 c5 20. a4 Nf4 21. a5 Kc7 22. Bg3 f6 23. Ra1 e5 24. d5 h5 25. Bd3 Kd6 26. Kd2 Nxd3 27. Kxd3 h4 28. Bf2 Rb8 29. axb6 axb6 30. Ra7 Rhc8 31. Rha1 Rc7 32. Kc2 Rxa7 33. Rxa7 Rf8 34. Be3 Rc8 35. Kb3 Rg8 36. Ka4 Rf8 37. Kb5 Rb8 38. Bf2 Rf8 39. Rb7 Rc8 40. Ra7 Rb8 41. Be3 Rf8 42. Ra6 Rc8 43. Bf2 Rb8 44. Be3 Rc8 45. Ra7 Rb8 46. Ka6 Rc8 47. Bf2 Rb8 48. Kb5 Rf8 49. Be3 Rc8 50. Bf2 Rb8 1/2-1/2

[Event "BCF-chT4 0607 (4NCL)"]
[Site "Sunningdale"]
[Date "2006.12.02"]
[Round "3.2"]
[White "Munson, Shaun D"]
[Black "Ponter, Ian"]
[Result "1-0"]
[WhiteElo "2208"]
[BlackElo "2045"]
[PlyCount "165"]
[EventDate "2006.09.16"]
[EventType "team"]
[EventRounds "11"]
[EventCountry "ENG"]
[SourceTitle "EXT 2008"]
[Source "ChessBase"]
[SourceDate "2007.11.25"]
[SourceVersion "1"]
[SourceVersionDate "2007.11.25"]
[SourceQuality "1"]
[WhiteTeam "Anglian Avengers"]
[BlackTeam "Gloucestershire Gambits"]
[WhiteTeamCountry "ENG"]
[BlackTeamCountry "ENG"]

1. d4 d5 2. Bg5 h6 3. Bh4 c6 4. Nc3 Qb6 5. Rb1 Bf5 6. e3 e6 7. Bd3 Be7 8. Bxf5 exf5 9. Bxe7 Nxe7 10. Qf3 Nd7 11. Nge2 Nf6 12. 0-0 Ne4 13. Nxe4 fxe4 14. Qh5 Qc7 15. Rbc1 g6 16. Qh4 Nf5 17. Qh3 Nd6 18. f3 Qe7 19. fxe4 Nxe4 20. Nf4 Ng5 21. Qg3 0-0 22. Rce1 Rae8 23. Re2 Kg7 24. Nd3 f6 25. Nf2 Qb4 26. Nd3 Qe7 27. a3 Qd7 28. Nf4 Qf7 29. Nd3 Ne4 30. Qf4 Qe7 31. Qh4 Nd6 32. Qe1 Ne4 33. Nf4 Qd7 34. Rf3 Re7 35. Rh3 Qg4 36. Rf3 Rfe8 37. Nd3 h5 38. h3 Qg5 39. c3 h4 40. Nf4 Ng3 41. Rd2 Re4 42. Qf2 R4e7 43. Rd1 Qh6 44. Re1 g5 45. Nd3 Ne4 46. Qc2 Qg6 47. Ref1 Re6 48. Qd1 Ng3 49. Re1 b6 50. Nf2 Nf5 51. Ng4 Ng3 52. Qd2 R8e7 53. Rc1 Ne4 54. Qd1 Nd6 55. b3 Nf5 56. Qd2 Ng3 57. c4 Rd7 58. cxd5 Rxd5 59. b4 f5 60. Nf2 Ne4 61. Nxe4 Rxe4 62. Qc2 g4 63. hxg4 fxg4 64. Rff1 Re6 65. Qf2 Rd8 66. Qxh4 Rh8 67. Qg3 Qh5 68. Qc7+ Kg8 69. Rxc6 Rh7 70. Qf4 Re8 71. Rf6 Qh1+ 72. Kf2 Qh4+ 73. Ke2 Rhe7 74. Rf8+ Rxf8 75. Qxf8+ Kh7 76. Qf5+ Kg7 77. Rf4 Rxe3+ 78. Kxe3 Qe1+ 79. Kd3 Qb1+ 80. Kc4 Qa2+ 81. Kb5 Qe2+ 82. Kc6 Qc4+ 83. Kb7 1-0

[Event "BCF-chT4 0506 (4NCL)"]
[Site "West Bromwich"]
[Date "2005.12.04"]
[Round "4.1"]
[White "Munson, Shaun D"]
[Black "Osborne, Marcus E"]
[Result "0-1"]
[WhiteElo "2225"]
[BlackElo "2230"]
[PlyCount "80"]
[EventDate "2005.11.05"]
[EventType "team"]
[EventRounds "11"]
[EventCountry "ENG"]
[SourceTitle "CBM 109 Extra"]
[Source "ChessBase"]
[SourceDate "2006.01.03"]
[SourceVersion "2"]
[SourceVersionDate "2006.01.03"]
[SourceQuality "1"]
[WhiteTeam "The Suffolk Punches"]
[BlackTeam "Conquistadors"]
[WhiteTeamCountry "ENG"]
[BlackTeamCountry "ENG"]

1. d4 Nf6 2. Bg5 e6 3. e3 c5 4. c3 Qb6 5. b3 Ne4 6. Bf4 cxd4 7. exd4 d5 8. Bd3 Bd6 9. Bxd6 Nxd6 10. Nf3 Bd7 11. Qe2 Nc6 12. 0-0 0-0 13. Nbd2 Ne7 14. Ne5 Rfd8 15. Ndf3 Ng6 16. Ng5 Nf8 17. f4 Bb5 18. c4 Qxd4+ 19. Kh1 dxc4 20. bxc4 Be8 21. Rad1 Qc5 22. Rf3 h6 23. Rh3 f6 24. Nef3 fxg5 25. fxg5 hxg5 26. Ne5 Nf5 27. Rf1 Rd4 28. Bxf5 exf5 29. Rxf5 g4 30. Ng6 Bxg6 31. Rh8+ Kxh8 32. Rxc5 Re8 33. Qf1 Rf4 34. Qd1 Rfe4 35. Qg1 Re1 36. Rc7 Rxg1+ 37. Kxg1 Be4 38. Rf7 Bc6 39. Kf2 Kg8 40. Rf4 Re4 0-1